00670nam a2200181 a 4500008004100000020001500041050001500056100002200071245002900093246003800122260002500160300001000185350000900195650001500204995010900219999001700328952014300345120416s1962 ||||||||||||||||| || u a0674361539 aBD 494 Lov aLovejoy, Arthur O14aThe great chain of being aa study of the history of an idea aCambridgebCUPc1962 a373p. a0.00 aPHILOSOPHY D0.00FCBU-MAIN LIBRARY (Kitwe)H1I6.95M1UAVAILABLEWMay 12, 2006ZMain Library Open Access Collection c44912d44912 00102lcc4070a001b001cMain Library Open Access Collectiond2022-11-30l2oBD 494 Lovp000938r2024-05-13s2024-04-30w2022-11-30y002